000 00297nam a22001337a 4500
020 _a13 978-8187433231
041 _aENG
100 _aNakra .C.P
245 _aFarm Machines And Equipment
260 _aDelhi
_bDhanpat Rai PUBlishing .Co.
_c1990
300 _a512
650 _aFMP
856 _uFMP
999 _c438
_d438